| 000 | 01268cam a22003614a 4500 | ||
|---|---|---|---|
| 999 |
_c415 _d415 |
||
| 001 | 12697956 | ||
| 003 | GZU | ||
| 005 | 20200825151542.0 | ||
| 008 | 020107s2001 ne b 001 0 eng | ||
| 010 | _a 2002380383 | ||
| 015 | _aNe01-50 | ||
| 020 | _a9023911539 (pbk.) | ||
| 035 | _a(NeZmMNI)ny1666661 | ||
| 040 |
_aDLC _cDLC _dDLC |
||
| 042 | _apcc | ||
| 043 | _af-rh--- | ||
| 050 | 0 | 0 |
_aBV4415 _b.HIN 2001 |
| 082 | 0 | 0 | _a267 |
| 100 | 1 |
_aHinfelaar, Marja. _eauthor |
|
| 245 | 1 | 0 |
_aRespectable and responsible women : _bMethodist and Roman Catholic women's organisations in Harare, Zimbabwe (1919-1985) / _cMarja Hinfelaar. |
| 260 |
_aZoetermeer : _bBoekencentrum, _cc2001. |
||
| 300 | _a184 p. ; | ||
| 440 | 0 |
_aSerie MISSION ; _vnr. 30 |
|
| 500 | _aAlso published as thesis Utrecht, 2001. | ||
| 504 | _aIncludes bibliographical references (p. 167-173) and index. | ||
| 650 | 0 |
_aWomen in church work _zZimbabwe _zHarare. |
|
| 650 | 0 |
_aWomen in church work _xMethodist Church. |
|
| 650 | 0 |
_aWomen in church work _xCatholic Church. |
|
| 651 | 0 |
_aHarare (Zimbabwe) _xReligious life and customs. |
|
| 906 |
_a7 _bcbc _corigres _d3 _encip _f20 _gy-gencatlg |
||
| 942 |
_2lcc _cBK _h4415 _iHIN _kBV |
||